Szczegóły MARC21

Nowe kierunki w zarządzaniu przedsiębiorstwem - ciągłość i zmiana : materiały z ogólnopolskiej konferencji naukowej zorganizowanej przez K atedrę Ekonomiki i Organizacji Przedsiębiorstwa oraz Katedrę Nauk o Pr zedsiębiorstwie Akademii Ekonomicznej we Wrocławiu, Karpacz, 10-13 cze rwca 2000 r. /

005 -DATA I CZAS OSTATNIEJ MODYFIKACJI [,]
    • @
    • pole kontrolne
    • 20070315155141.9
040 -Instytucja sporządzająca opis [ , ]
    • a
    • Instytucja, która sporządziła opis (NP)
    • SZCZ U
    • c
    • Instytucja, która sporządziła rekord (NP)
    • SZCZ U
041 -Język dokumentu [0, ]
    • a
    • Język tekstu (P)
    • polski
    • h
    • Język tekstu oryginalnego i/lub pośredniego (P)
    • polski
942 -Rodzaj dokumentu [ , ]
    • c
    • Rodzaj dokumentu
    • Książka
245 -Strefa tytułu i oznaczenia odpowiedzialności [0, ]
    • a
    • Tytuł
    • Nowe kierunki w zarządzaniu przedsiębiorstwem - ciągłość i zmiana : Find
    • b
    • Ciąg dalszy tytułu (NP)
    • materiały z ogólnopolskiej konferencji naukowej zorganizowanej przez K atedrę Ekonomiki i Organizacji Przedsiębiorstwa oraz Katedrę Nauk o Pr zedsiębiorstwie Akademii Ekonomicznej we Wrocławiu, Karpacz, 10-13 cze rwca 2000 r. / Find
    • c
    • Pozostałe elementy strefy tytułu i oznaczenia odpowiedzialności (NP)
    • [aut. Zdzisław Jasiński i in.].
260 -Strefa adresu wydawniczego [ , ]
    • a
    • Miejsce wydania (P)
    • Wrocław :
    • b
    • Nazwa wydawcy (P)
    • Wydaw.AE
    • c
    • Data wydania (P)
    • 2000.
300 -Strefa opisu fizycznego [ , ]
    • a
    • Określenie formy książki i/lub objętość (NP)
    • 539 s. :
    • b
    • Oznaczenie ilustracji (NP)
    • rys. :
    • c
    • Format (NP)
    • 24 cm.
490 -Strefa serii i książki wielotomowej - forma nie do wyszukiwania [0, ]
    • a
    • Tytuł (P)
    • (Prace Naukowe Akad.Ekonomicznej im.Oskara Langego we Wrocławiu ; . Materiały Konferencyjne Find
    • x
    • ISSN (NP)
    • 0324-8445)
    • v
    • Numeracja (P)
    • nr 851,
500 -Uwaga ogólna [ , ]
    • a
    • Uwaga ogólna (NP)
    • Bibliogr.Summ
080 -Uniwersalna Klasyfikacja Dziesiętna [ , ]
    • a
    • Symbol klasyfikacji
    • 658.1/.5.012.4(061)
980 -Symbol UKD [ , ]
    • a
    • UKD
    • 658.1/.5.012.4(061)
700 -Hasło dodatkowe - nazwa osobowa [ , ]
    • a
    • Nazwa osobowa (NP)
    • Jasiński Zdzisław Find
Status udost. Numer inwentarzowy Sygnatura Lokalizacja Data inwentaryzacji
-2T.4943T.4943T2001-03-28